Effect of sulfa-33and tetracycline on coccidia in local calf at dunkeo city, takeo province, (ប្រសិទ្ធភាពនៃ Sulfa-33 និង Tetracyclinie ទៅលើការទម្លាក់Coccida កូនគោពូជក្នុងស្រុក នៅក្រុងដូនកែវ ខេត្តតាកែវ) (Record no. 2625)

000 -LEADER
fixed length control field 00714nam a22001577a 4500
003 - CONTROL NUMBER IDENTIFIER
control field OSt
005 - DATE AND TIME OF LATEST TRANSACTION
control field 20151024150148.0
008 - FIXED-LENGTH DATA ELEMENTS--GENERAL INFORMATION
fixed length control field 151024b xxu||||| |||| 00| 0 eng d
040 ## - CATALOGING SOURCE
Transcribing agency RUA
082 ## - DEWEY DECIMAL CLASSIFICATION NUMBER
Classification number AVM KAN 2012 B101 Or.1
100 ## - MAIN ENTRY--PERSONAL NAME
9 (RLIN) 2805
Personal name KAN SOVANMONYRATH
245 ## - TITLE STATEMENT
Title Effect of sulfa-33and tetracycline on coccidia in local calf at dunkeo city, takeo province, (ប្រសិទ្ធភាពនៃ Sulfa-33 និង Tetracyclinie ទៅលើការទម្លាក់Coccida កូនគោពូជក្នុងស្រុក នៅក្រុងដូនកែវ ខេត្តតាកែវ)
260 ## - PUBLICATION, DISTRIBUTION, ETC. (IMPRINT)
Place of publication, distribution, etc. Phnom Penh
Name of publisher, distributor, etc. Rua
Date of publication, distribution, etc. 2012
300 ## - PHYSICAL DESCRIPTION
Extent x; 45p.
Other physical details ill.
Dimensions 29cm.
942 ## - ADDED ENTRY ELEMENTS (KOHA)
Source of classification or shelving scheme
Koha item type AVM
Holdings
Price effective from Date last seen Permanent Location Not for loan Date acquired Source of classification or shelving scheme Koha item type Lost status Withdrawn status Total Renewals Date last checked out Total Checkouts Shelving location Damaged status Barcode Current Location Full call number
2015-10-242016-06-16Library Block B 2015-10-24 AVM  22016-03-221B101 RUA009235Library Block BAVM KAN 2012 B101 Or.1
2015-10-242015-10-24Library Block B 2015-10-24 AVM     B101 RUA018262Library Block BAVM KAN 2012 B101 Or.2
2015-10-242015-10-24Library Block B 2015-10-24 AVM     B101 RUA018180Library Block BAVM KAN 2012 B101 Or.3
2015-10-242018-08-14Library Block B 2015-10-24 AVM   2018-08-131B101 RUA017236Library Block BAVM KAN 2012 B101 Or.4
2015-10-242015-10-24Library Block B 2015-10-24 AVM     B101 RUA015272Library Block BAVM KAN 2012 B101 Or.5
2020-07-202020-07-20Library Block B 2020-07-20 AVM     B101 A08489Library Block BAVM KAN 2012 B101 Or.6
មជ្ឈមណ្ឌលឯការនៃសាកលវិទ្យាល័យភូមិន្ទកសិកម្មចំការដូង

Powered by Koha